Pilot chart of Indian Ocean.

Bibliographic Details
Corporate Author: United States. Hydrographic Office
Format: Government Document eBook
Language:English
Published: [Washington] : [publisher not identified], 1913.
Subjects:
Online Access:Connect to the full text of this electronic document

MARC

Tag First Indicator Second Indicator Subfields
LEADER 00000cam a22000001a 4500
001 in00003756513
005 20190408185937.0
006 m o d f
007 cr bn mmmapmmp
008 141211s1913 dcu o f000 0 eng d
035 |a ebd1910606185 
040 |a UMI  |c UMI  |d UtOrBLW 
086 0 |a N 6.17:913/1 
099 |a N6.17-5 
110 1 |a United States.  |b Hydrographic Office.  |0 http://id.loc.gov/authorities/names/n79140986 
245 1 0 |a Pilot chart of Indian Ocean. 
264 1 |a [Washington] :  |b [publisher not identified],  |c 1913. 
300 |a 1 online resource (1-2 ovolumes pages) 
336 |a text  |b txt  |2 rdacontent 
337 |a computer  |b c  |2 rdamedia 
338 |a online resource  |b cr  |2 rdacarrier 
500 |a Chart for Mar. includes description of selected port facilities, and chart for Oct. includes data on radio station characteristics and Navy radiogram rates, by locality. 
500 |a Monthly weather chart of Indian Ocean showing isotherms and isobars, shipping routes, fog occurrence, radio telegraph stations, storm tracks and dates, shipwrecks, drift of derelict ships, and prevailing winds and currents, by ocean. Charts also include narrative review of weather conditions, and key to weather symbols and other information for navigators. 
533 |a Electronic reproduction.  |b [Bethesda, Md.] :  |c ProQuest,  |d 2014.  |e digital, PDF file.  |n ProQuest U.S. Executive Branch Documents  |n Mode of access: World Wide Web via ProQuest website. 
588 |a Record is based on online resource; title from PDF title page (ProQuest, last viewed Dec. 2014). Reuse except for individual research requires license from ProQuest, LLC. 
500 |a Electronic resource. 
650 0 |a Harbors.  |0 http://id.loc.gov/authorities/subjects/sh85058838 
650 0 |a Navy-yards and naval stations.  |0 http://id.loc.gov/authorities/subjects/sh85090447 
655 7 |a Electronic books.  |2 local 
856 4 0 |u http://proxy.library.tamu.edu/login?url=http://congressional.proquest.com/congressional/docview/t66.d71.n6.17-5  |z Connect to the full text of this electronic document  |t 0 
999 f f |s 7c33515c-85df-3ba7-ac3c-25a3c48358b6  |i a5fdb5d2-9d53-3b81-a2d1-b8c272114001  |t 0 
952 f f |a Texas A&M University  |b College Station  |c Electronic Resources  |d Available Online  |t 0  |h No information provided 
998 f f |t 0  |l Available Online